Autobahnausfahrten A8 (Österreich) - Statistiken

Allgemein
  • Dieses Quiz wurde 9 mal gespielt
  • Das Durchschnittsergebnis liegt bei 6 aus 8
Antwortstatistiken
Bundesland Antwort % Korrekt
Oberösterreich Schärding/Suben
100%
Oberösterreich Ort im Innkreis
88%
Oberösterreich Ried im Innkreis
88%
Oberösterreich Wels-West
88%
Oberösterreich Haag am Hausruck
75%
Oberösterreich Pichl bei Wels/Bad Schallerbach
75%
Oberösterreich Meggenhofen/Gallspach
63%
Oberösterreich Wirtschaftspark Wels
13%
Keine übereinstimmenden Quizze gefunden
Verteilung der Resultate
Anzahl Personen mit jedem Resultat
Perzentil nach korrekt beantworteten Fragen
Ihre Resultats-Entwicklung
Sie haben dieses Quiz noch nicht gespielt